| 000 | 00828nam a2200205Ia 4500 | ||
|---|---|---|---|
| 999 |
_c38541 _d38541 |
||
| 001 | 4642 | ||
| 003 | GE_BSU | ||
| 005 | 20190510141450.0 | ||
| 008 | 181216s1996||||ge |||||||||||||| ||geo|| | ||
| 040 | _cGE_BSU | ||
| 041 | _ageo | ||
| 080 | _a070.1(075.8) გ-14 | ||
| 100 |
_aგაგოშიძე, შოთა _9941 |
||
| 245 |
_aჟურნალისტიკის საფუძვლები / _cშოთა გაგოშიძე ; გამომც. რედ : ე. გონჯილაშვილი |
||
| 264 |
_aთბილისი .: _bთბილ. უნ-ტის გამ-ბა, _c1996. |
||
| 300 |
_a202 გვ . ; _c20 სმ. |
||
| 653 | _aჟურნალისტიკა | ||
| 700 |
_a გონჯილაშვილი, ე _eრედაქტორი _9942 |
||
| 942 |
_cBK _2udc |
||